000 00883nam a2200229Ia 4500
003 GCL
008 140319s9999 xx 000 0 ara d
040 _aGCL /
_cGCL
082 0 4 _a301.24
_bث ت
100 1 _aثروت محمد محمد شلبى
245 1 0 _aالتنمية والتحديث: تحقيق القيم التنموية فى المجتمع المصرى المعاصر تحليل نظرى ودراسة ميدانية فى علم اجتماع التنمية /
_cثروت محمد محمد شلبى
260 _a[S.N] :
_bدار الوزان للطباعة والنشر ،
_c1992
300 _a521 ص
490 _a
650 0 4 _aمصر
650 0 4 _aالاحوال الاجتماعية
650 0 4 _aالتنمية الاجتماعية
650 0 4 _aالاجتماع
650 0 4 _aالتنمية
650 0 4 _aالاجتماع الحضرى
942 _2ddc
_cBK
999 _c35230
_d35230